Les présomptions légales en droit pénal

Saved in:
Bibliographic Details
Main Author: Merle, Philippe (autor)
Format: Book
Language:French
Published: París Librairie Générale de Droit et de Jurisprudence 1970
Series:Bibliothèque de Sciences Criminelles, 9
Subjects:
Tags: Add Tag
No Tags, Be the first to tag this record!

MARC

LEADER 00000nam a2200000 a 4500
001 UCS0069
003 CL-VaPUC
008 970418e19700000FR |||||||||||||||||fre|d
082 0 4 |a 347.064  |b MER  |2 21 
100 |a Merle, Philippe  |e autor  |9 383132 
245 1 4 |a Les présomptions légales en droit pénal 
300 |a 212 p 
942 |c BK 
945 |d 19970418 00:00:00  |a cmena 
260 |a París  |b Librairie Générale de Droit et de Jurisprudence  |c 1970 
650 7 |a DERECHO PENAL  |2 CL-VaPUC  |9 11 
650 7 |a PRESUNCION LEGAL  |2 CL-VaPUC  |9 360443 
650 7 |a PRESUNCIONES PENALES  |2 CL-VaPUC  |9 383133 
650 0 |a Código penal  |9 255935 
650 0 |a Delitos  |9 224143 
650 0 |a Moneda  |9 342365 
650 7 |a CRIMINALES  |2 CL-VaPUC  |9 322996 
583 |a last modification  |c 19970418 00:00:00  |k Rodrigo Vera 
490 0 |a Bibliothèque de Sciences Criminelles, 9 
999 |c 258323  |d 258321 
952 |0 0  |1 0  |4 0  |6 347_064000000000000_MER_1970  |7 0  |8 A  |9 282344  |a BIBDER  |b BIBDER  |d 2019-11-19  |i 1827340  |o 347.064 MER 1970  |p 1827340  |r 2023-01-25  |w 2019-11-19  |y BK  |k DER